People of the world : (Record no. 112286)
[ view plain ]
| 000 -LEADER | |
|---|---|
| fixed length control field | 00377nam a2200145 a 4500 |
| 005 - DATE AND TIME OF LATEST TRANSACTION | |
| control field | 20140414131932.0 |
| 008 - FIXED-LENGTH DATA ELEMENTS--GENERAL INFORMATION | |
| fixed length control field | 110120s19uu xx 00 eng d |
| 050 ## - LIBRARY OF CONGRESS CALL NUMBER | |
| Classification number | REF 304.2 |
| Item number | P54 2006 |
| 100 ## - MAIN ENTRY--PERSONAL NAME | |
| Personal name | Phillips, Dee |
| 245 ## - TITLE STATEMENT | |
| Title | People of the world : |
| Remainder of title | information at your fingertips. |
| 260 ## - PUBLICATION, DISTRIBUTION, ETC. (IMPRINT) | |
| Name of publisher, distributor, etc | Ticktock. |
| 440 ## - SERIES STATEMENT/ADDED ENTRY--TITLE | |
| Title | Just the facts |
| Withdrawn status | Lost status | Damaged status | Home library | Current library | Shelving location | Date acquired | Total Checkouts | Full call number | Barcode | Date last seen | Price effective from | Koha item type |
|---|---|---|---|---|---|---|---|---|---|---|---|---|
| Munich Library | Munich Library | Reference Section | 01/20/2011 | REF 304.2 P54 2006 | M3521 | 04/14/2014 | 04/14/2014 | Books | ||||
| Munich Library | Munich Library | Reference Section | 01/20/2011 | REF 304.2 P54 2006 | M3522 | 04/14/2014 | 04/14/2014 | Books |